000
00273nam a22001217a 4500
008
180112b xxu||||| |||| 00| 0 eng d
041
_a
eng
080
_a
82
100
_a
21
101
_a
GJL
245
_a
The book of modern composers
_c
Calvocoressi,M.D
942
_2
udc
_c
BK
999
_c
40182
_d
40182